แสดงรายละเอียดบรรณานุกรม
  กลับหน้าหลัก

Brief Record : Get Marc (ISO 2709) : E-mail record : QR code ปิดหน้าต่าง
LEADER 00000nama 2200000uu 4500
001    191689
003     ULIBM
008    040531s2542 th m m a000 0 tha d
041    tha
050    K พ371ผส 2540
100    สวัสดิการสำนักนายกรัฐมนตรี
245    พระราชบัญญัติข้อมูลข่าวสารของราชการ พ.ศ.2540 002
246    พรบ.ข้อมูลข่าวสาร - หนังสืออ้างอิง
260    กรุงเทพฯ ทำเนียบรัฐบาล 2542
300    218 หน้า
650    พระราชบัญญัติ - หนังสืออ้างอิง
998    2005-05-09
999    ^aใช้งานได้ทุกระบบ
รายการนี้ยังไม่มีแท็ก
คุณยังไม่ได้ล็อกอิน คุณสามารถมีกิจกรรมร่วมกับเว็บไซต์ได้ แต่ต้องล็อกอินก่อน ::
  ล็อกอิน
ไม่มีไอเทมให้บริการ
ไม่มีไอเทมให้บริการ

BibComment


ยังไม่เคยถูกคอมเมนท์

คอมเมนท์ทรัพยากรรายการนี้
  คอมเมนท์: พระราชบัญญัติข้อม..
Bib 191689

 
 
 

 Union Library Management : ULibM
Copyright 2026. All Rights Reserved.
скачать бесплатно без регистрации порно красивый секс HD Sex Hindi sex

xxx gou

xxxx

bfxxx

xxxwww

Секса Видео

xxxx

Секса Видео

detube

geilexxx

C99 Shell

worms shell

blod xxx video
Ebony Coed Rihanna Rimes Takes A Dick In Her Young Twat priyaa indian fuck anal and pusssy hardcore indian women xxx desi hardcore fucking part 1 bengalixxxcouple